000 00413nam a2200145 i 4500
001 142342
003 ES-MaACL
007 t|
008 071004s1961 xxu ||||1| eng d
100 1 _aWinslow, Ola Elizabeth.
_9117105
245 1 0 _aJonathan Edwards 1703-1758 /
_cOla Elizabeth Winslow.
260 _aNew York :
_bMacmillan Co.,
_c[1961]
300 _a375 p. ;
_c18 cm.
852 _aES-MaACL
_jB-8537
_bR.66108
999 _c142342
_d142342